[Event "ESP-ch U18"]
[Site "Salobrena"]
[Date "2020.08.19"]
[Round "5"]
[White "Lorente Serrano, Rosa Adela"]
[Black "Villagordo Espinosa, Carlos"]
[Result "1-0"]
[WhiteElo "1872"]
[BlackElo "1674"]
[PlyCount "55"]
[EventDate "2020.08.17"]
[EventType "swiss"]
[EventRounds "9"]
[EventCountry "ESP"]
[SourceTitle "CBM 197 Extra"]
[Source "ChessBase"]
[SourceDate "2020.09.30"]
[SourceVersion "1"]
[SourceVersionDate "2020.09.30"]
[SourceQuality "1"]

1. Nf3 d5 2. g3 Nf6 3. Bg2 c6 4. 0-0 Bf5 5. c4 e6 6. d3 h6 7. cxd5 cxd5 8. Nc3 Be7 9. Qa4+ Nbd7 10. e4 dxe4 11. dxe4 b5 12. Qxb5 Nxe4 13. Ne5 Nxc3 14. bxc3 Rb8 15. Qa4 Bc2 16. Qxc2 Nxe5 17. Bf4 Qa5 18. Rfe1 Bf6 19. Qe4 Nd7 20. Rad1 Rd8 21. Qc6 Qxc3 22. Re3 Qa5 23. Bc7 Qh5 24. Bf3 Qh3 25. Bxd8 0-0 26. Rxd7 Bxd8 27. Rxa7 Bf6 28. Ra8 1-0

[Event "ESP-ch U18"]
[Site "Salobrena"]
[Date "2020.08.17"]
[Round "1"]
[White "Villagordo Espinosa, Carlos"]
[Black "Diaz Mino, Pablo"]
[Result "0-1"]
[WhiteElo "1674"]
[BlackElo "2100"]
[PlyCount "104"]
[EventDate "2020.08.17"]
[EventType "swiss"]
[EventRounds "9"]
[EventCountry "ESP"]
[SourceTitle "CBM 197 Extra"]
[Source "ChessBase"]
[SourceDate "2020.09.30"]
[SourceVersion "1"]
[SourceVersionDate "2020.09.30"]
[SourceQuality "1"]

1. e4 e5 2. Nf3 Nc6 3. Bb5 f5 4. d3 fxe4 5. dxe4 Nf6 6. 0-0 Bc5 7. Qd3 Nd4 8. Bc4 d5 9. Bxd5 Nxf3+ 10. Qxf3 c6 11. Bb3 Bg4 12. Qg3 Qe7 13. Bg5 h5 14. h3 Be2 15. Re1 Ba6 16. Be3 0-0-0 17. Bxc5 Qxc5 18. Nc3 h4 19. Qe3 Qe7 20. Qxa7 g5 21. f3 g4 22. fxg4 Rhf8 23. Na4 Nd7 24. Nb6+ Nxb6 25. Qxb6 Qg5 26. Rad1 Rd2 27. Qb4 Rfd8 28. Rxd2 Rxd2 29. Qf8+ Kc7 30. Qf5 Qe7 31. Qf7 Qxf7 32. Bxf7 Rxc2 33. g5 Kd6 34. g6 Ke7 35. Rd1 Rxb2 36. Rd7+ Kf6 37. Rd6+ Kg7 38. Rd8 Be2 39. Rd7 c5 40. Be8+ Kg8 41. g7 Bc4 42. Bg6 Bxa2 43. g3 c4 44. gxh4 c3 45. Rc7 c2 46. h5 Rb1+ 47. Kg2 c1Q 48. Rxc1 Rxc1 49. h6 Rc6 50. h7+ Kxg7 51. Bf5 Rh6 52. Kg3 Be6 0-1

[Event "ESP-ch U14"]
[Site "Salobrena"]
[Date "2020.08.06"]
[Round "6"]
[White "Serrano Almendros, Angel"]
[Black "Villagordo Espinosa, Carlos"]
[Result "1-0"]
[WhiteElo "2014"]
[BlackElo "1674"]
[PlyCount "167"]
[EventDate "2020.08.03"]
[EventType "swiss"]
[EventRounds "9"]
[EventCountry "ESP"]
[SourceTitle "EXT 2021"]
[Source "ChessBase"]
[SourceDate "2020.10.23"]
[SourceVersion "1"]
[SourceVersionDate "2020.10.23"]
[SourceQuality "1"]

1. d4 d5 2. c4 c6 3. cxd5 cxd5 4. Bf4 Nc6 5. Nc3 Nf6 6. e3 Bf5 7. Qb3 Na5 8. Qa4+ Bd7 9. Qc2 e6 10. Bd3 Rc8 11. h3 b5 12. Qb1 Nc4 13. Nf3 Bb4 14. 0-0 Na3 15. Qe1 Bxc3 16. bxc3 Qa5 17. Rc1 Nc4 18. Qe2 a6 19. Nd2 Nxd2 20. Qxd2 Rc6 21. Rc2 0-0 22. f3 Rfc8 23. Rfc1 Nh5 24. Bh2 f5 25. Be5 Nf6 26. e4 fxe4 27. Bxf6 gxf6 28. fxe4 Kg7 29. Qe1 Be8 30. e5 f5 31. g4 Qd8 32. gxf5 exf5 33. Bxf5 R8c7 34. Rg2+ Bg6 35. Qe3 b4 36. Bxg6 hxg6 37. Qg3 Qe8 38. Rgc2 Qc8 39. Rg2 Qf5 40. Rf1 Qe4 41. Rf6 Kh7 42. cxb4 Qxd4+ 43. Kh2 Qe4 44. Qxg6+ Qxg6 45. Rgxg6 Rc2+ 46. Rg2 Rxg2+ 47. Kxg2 Rc2+ 48. Rf2 Rc4 49. a3 Re4 50. Rf6 a5 51. b5 Rxe5 52. b6 d4 53. a4 Re2+ 54. Rf2 Re7 55. Rb2 d3 56. Kf2 Kg6 57. Rb3 d2 58. Rd3 Re6 59. Rxd2 Rxb6 60. Rd5 Rb3 61. h4 Rh3 62. Rg5+ Kf6 63. Rg4 Kf5 64. Rc4 Kg6 65. Kg2 Ra3 66. Kf2 Kh5 67. Ke2 Kg6 68. Kd2 Rh3 69. Kc2 Rh2+ 70. Kd3 Rh3+ 71. Kc2 Rh2+ 72. Kb3 Rh3+ 73. Rc3 Rxh4 74. Rc5 Kf6 75. Rxa5 Ke6 76. Rc5 Kd6 77. Rc2 Kd7 78. a5 Rh6 79. Kb4 Rc6 80. Rh2 Rc7 81. a6 Rc8 82. Ka5 Kc7 83. Rc2+ Kb8 84. a7+ 1-0

[Event "ESP-ch U10"]
[Site "Salobrena"]
[Date "2017.07.05"]
[Round "5"]
[White "Morales Carmona, Jose Manuel"]
[Black "Villagordo Espinosa, Carlos"]
[Result "0-1"]
[WhiteElo "1291"]
[BlackElo "1516"]
[PlyCount "78"]
[EventDate "2017.07.03"]
[EventType "swiss"]
[EventRounds "9"]
[EventCountry "ESP"]
[SourceTitle "EXT 2024"]
[Source "ChessBase"]
[SourceDate "2023.10.10"]
[SourceVersion "1"]
[SourceVersionDate "2023.10.10"]
[SourceQuality "1"]

1. e4 c5 2. Nf3 d6 3. g3 Nf6 4. Qe2 Bg4 5. Bg2 Nc6 6. c3 Ne5 7. Qb5+ Qd7 8. Qxd7+ Nfxd7 9. Nxe5 Nxe5 10. 0-0 Nd3 11. f3 Bd7 12. Na3 g6 13. Rd1 Bg7 14. Bf1 Nxc1 15. Raxc1 0-0 16. Nb5 a6 17. Nc7 Rac8 18. Nd5 Rfe8 19. Nb6 Rc7 20. Nxd7 Rxd7 21. a3 Rc7 22. b4 b5 23. d3 a5 24. bxc5 dxc5 25. Kg2 Rec8 26. Rb1 Rb8 27. d4 cxd4 28. cxd4 b4 29. axb4 axb4 30. Rb3 Rc3 31. Rxc3 bxc3 32. d5 c2 33. Rc1 Rc8 34. Bd3 Rc3 35. Be2 Bd4 36. e5 Be3 37. d6 exd6 38. exd6 Bxc1 39. d7 Bg5 0-1